000 01454nam a2200337 a 4500
001 ebr10505604
003 CaPaEBR
006 m u
007 cr cn|||||||||
008 111129s2010 ne ac sb 101 0 eng d
020 _z9062992269
020 _z9789062992263
020 _z9789062998548 (e-book)
040 _aCaPaEBR
_cCaPaEBR
035 _a(OCoLC)753576362
050 1 4 _aRE871
_b.M43 2010eb
245 0 0 _aMedical treatment of glaucoma
_h[electronic resource] :
_bthe 7th Consensus report of the World Glaucoma Association /
_ceditors, Robert N. Weinreb and Jeffrey Liebmann.
260 _aAmsterdam :
_bKugler Publications,
_c2010.
300 _axiv, 308 p. :
_bill., ports.
490 1 _aConsensus series (World Glaucoma Association) ;
_v7
504 _aIncludes bibliographical references and index.
533 _aElectronic reproduction.
_bPalo Alto, Calif. :
_cebrary,
_d2013.
_nAvailable via World Wide Web.
_nAccess may be limited to ebrary affiliated libraries.
650 0 _aGlaucoma
_xTreatment
_vCongresses.
655 7 _aElectronic books.
_2local
700 1 _aWeinreb, Robert N.,
_d1949-
700 1 _aLiebmann, Jeffrey.
710 2 _aWorld Glaucoma Association.
_bConsensus Meeting.
710 2 _aebrary, Inc.
830 0 _aConsensus series (World Glaucoma Association) ;
_v7.
856 4 0 _uhttp://site.ebrary.com/lib/rucke/Doc?id=10505604
_zAn electronic book accessible through the World Wide Web; click to view
999 _c113798
_d113798